Central Library OPAC University of Rajshahi

Olives and olive products : (Record no. 14914)

MARC details
000 -LEADER
fixed length control field 00803cam a2200241I 4500
001 - CONTROL NUMBER
control field 14914
003 - CONTROL NUMBER IDENTIFIER
rucl marc code BD-RjUL
005 - DATE AND TIME OF LATEST TRANSACTION
control field 20211208235721.0
008 - FIXED-LENGTH DATA ELEMENTS--GENERAL INFORMATION
fixed length control field 140208s1940 it b 000 0 eng d
035 ## - SYSTEM CONTROL NUMBER
System control number (BD-RjUL)14968
-- (OCoLC)ocm05653688
System control number (NNC)5344484
040 ## - CATALOGING SOURCE
Original cataloging agency CRU
Transcribing agency CRU
Modifying agency BD-RjUL
Language of cataloging eng
041 ## - LANGUAGE CODE
Language code of text/sound track or separate title eng
082 04 - DEWEY DECIMAL CLASSIFICATION NUMBER
Edition number 20
Classification number 634.63
Author mark and year INO 1940
110 2# - MAIN ENTRY--CORPORATE NAME
Corporate name or jurisdiction name as entry element International Institute of Agriculture.
9 (RLIN) 48061
245 10 - TITLE STATEMENT
Title Olives and olive products :
Remainder of title production and trade /
Statement of responsibility, etc. International Institute of Agriculture.
260 ## - PUBLICATION, DISTRIBUTION, ETC. (IMPRINT)
Place of publication, distribution, etc. Rome :
Name of publisher, distributor, etc. The Institute.
Date of publication, distribution, etc. 1940.
300 ## - PHYSICAL DESCRIPTION
Pagination (various pageins.)
Illustrations ill., maps. ;
Size 24 cm.
490 ## - SERIES STATEMENT
Series statement Studies of the principal agricultural products on the world market ;
Volume/sequential designation no. 6
650 #0 - SUBJECT ADDED ENTRY--TOPICAL TERM
Topical term or geographic name as entry element Olive.
9 (RLIN) 46432
830 #0 - SERIES ADDED ENTRY--UNIFORM TITLE
Volume number/sequential designation no. 6.
942 ## - ADDED ENTRY ELEMENTS (KOHA)
Source of classification or shelving scheme Dewey Decimal Classification
Koha item type Books
Holdings
Lost status Source of classification or shelving scheme Damaged status Not for loan Collection code Permanent Location Current Location Shelving location Date acquired Source of acquisition Cost, normal purchase price Total Checkouts Full call number Date last seen Copy number Koha item type
  Dewey Decimal Classification   Not For Loan Non-fiction Central Library, University of Rajshahi Central Library, University of Rajshahi Reading Room 30/10/2057 Thomas 4.90   634.63 INO 1940 08/02/2014 C-1 Books